000 00450nam a22001337a 4500
082 _a200 THE
100 _aMuhammad Ameer
_929562
245 _aTH-SOF-1569-Feature clustering based approach for generation of reconfigurable machining process plan with kinematic configuration
260 _aISLAMABAD
_bNUST COLLEGE OF EME
_c2018
300 _bCD
650 _a MS-MECH-80, MSTHESIS.
700 _aAdvisor DR. Sajid ullah Butt
_969432
942 _cCF
999 _c576713
_d576713